000 01059cam a2200241 i 4500
003 SA-RiAUC
005 20260306121142.0
008 260304s2011 su b g b f000r0 ara c
020 _a9789960115344
040 _aSA-JeALM
_bara
_cSA-RiAUC
_erda
082 0 4 _a214.78242
_qSA-RiAUC
090 _a214.78242
_bن ج م
100 1 _aالنجمي، أحمد بن يحيى بن محمد،
_dتوفي 1429 هجري
_eمؤلف.
245 1 0 _aتنزيه الشريعة عن إباحة الأغاني الخليعة /
_cتأليف أحمد بن يحيى النجمي.
250 _aالطبعة الثانية.
264 1 _aالرياض :
_bالرئاسة العامة للبحوث العلمية والإفتاء، الإدارة العامة لمراجعة المطبوعات الدينية،
_c1985
300 _a106 صفحة :
_c16 سم.
336 _aنص
_btxt
_2rdacontent
_3كتاب
337 _aبدون وسيط
_bn
_2rdamedia
650 7 _aالغناء (فقه إسلامي)
_2aucsh
942 _2ddc
_cBOOK
_n0
949 _aSA-JeALM
_d260304
_uosman123
_n1
999 _c14475
_d14475